|
|
|
|
| LEADER |
00000cam a2200000 7i4500 |
| 001 |
0000020081 |
| 005 |
20090107.0 |
| 008 |
081216s -uk i eng |
| 020 |
|
|
|a 9781845282523
|
| 040 |
|
|
|a INS
|
| 090 |
0 |
0 |
|a HD1379
|b B66 2008
|
| 100 |
1 |
|
|a Booth, Tony
|
| 245 |
1 |
4 |
|a The buy to let manual :
|b how to invest for profit in residential property and manage the letting yourself
|c Tony Booth
|
| 250 |
|
|
|a 3rd.ed.
|
| 260 |
|
|
|a United Kingdom :
|b How to Books ,
|c 2008
|
| 300 |
|
|
|a xiii, 144p. ;
|c 25cm.
|
| 500 |
|
|
|a Includes index
|
| 650 |
0 |
0 |
|a House buying
|z Great Britain
|x Popular works
|
| 650 |
0 |
0 |
|a Landlord and tenant
|z Great Britain
|x Popular works
|
| 650 |
0 |
0 |
|a Leases
|z Great Britain
|x Popular works
|
| 650 |
0 |
0 |
|a Rental housing
|z Great Britain
|x Popular works
|
| 999 |
|
|
|a 0000020385
|b BOOK
|c Open Shelf
|e Default branch
|